000
00266nam a22001097a 4500
082
_a
629.8323 WES'I
100
_a
WESTWATER, F. L,WADDELL, W. A
_9
57260
245
_a
AN INTRODUCTION TO SERVOMECHANISMS
260
_a
LONDON
_b
EUP
_c
1961
300
_a
191P
942
_c
BK
999
_c
567555
_d
567555